Building Construction Handbook (Record no. 114947)
[ view plain ]
| 000 -LEADER | |
|---|---|
| fixed length control field | 01086cam a22002655a 4500 |
| 001 - CONTROL NUMBER | |
| control field | L157743 |
| 008 - FIXED-LENGTH DATA ELEMENTS--GENERAL INFORMATION | |
| fixed length control field | 090127s2008 xxk f 000 0 eng d |
| 020 ## - INTERNATIONAL STANDARD BOOK NUMBER | |
| International Standard Book Number | 9780080970615 |
| 035 ## - SYSTEM CONTROL NUMBER | |
| System control number | (Sirsi) u157743 |
| 041 0# - LANGUAGE CODE | |
| Language code of text/sound track or separate title | eng |
| 050 04 - LIBRARY OF CONGRESS CALL NUMBER | |
| Classification number | 690 $2 18 |
| 100 1# - MAIN ENTRY--PERSONAL NAME | |
| Personal name | Chudley, Roy |
| 245 00 - TITLE STATEMENT | |
| Title | Building Construction Handbook |
| 250 ## - EDITION STATEMENT | |
| Edition statement | 9th ed. |
| 260 ## - PUBLICATION, DISTRIBUTION, ETC. | |
| Place of publication, distribution, etc. | Oxford |
| Name of publisher, distributor, etc. | Routledge |
| Date of publication, distribution, etc. | 2013 |
| 300 ## - PHYSICAL DESCRIPTION | |
| Extent | xi, 900p. |
| Other physical details | ill. |
| Dimensions | 24cm. |
| 350 ## - PRICE (NR) (BK AM CF MU VM SE) [OBSOLETE] | |
| Price | 22.49 |
| 505 2# - FORMATTED CONTENTS NOTE | |
| Formatted contents note | General -- Site work -- Builders plant -- Substructure -- Superstructure 1 -- Superstructure 2 -- Internal construction and finishes -- Domestic services |
| 520 ## - SUMMARY, ETC. | |
| Summary, etc. | This book is is a detailed reference of construction building elements. The principles and processes of building construction practice are explained by giving drawings and clearly presented in plain language. This edition includes updated information on green building issues, sustainable construction and energy conservation. |
| 651 #4 - SUBJECT ADDED ENTRY--GEOGRAPHIC NAME | |
| Geographic name | United Kingdom |
| Chronological subdivision | |
| 690 ## - LOCAL SUBJECT ADDED ENTRY--TOPICAL TERM (OCLC, RLIN) | |
| Topical term or geographic name as entry element | BUILT ENVIRONMENT |
| 700 1# - ADDED ENTRY--PERSONAL NAME | |
| Personal name | Greeno, Roger |
| 942 ## - ADDED ENTRY ELEMENTS (KOHA) | |
| Suppress in OPAC | 0 |
| Withdrawn status | Lost status | Source of classification or shelving scheme | Damaged status | Not for loan | Home library | Current library | Shelving location | Date acquired | Total Checkouts | Full call number | Barcode | Date last seen | Copy number | Price effective from | Koha item type |
|---|---|---|---|---|---|---|---|---|---|---|---|---|---|---|---|
| Dewey Decimal Classification | London | London | Books | 24/04/2013 | 690 CHU | 30075196 | 06/08/2019 | 1 | 06/08/2019 | Book |